书目信息 |
| 题名: |
控制系统的数字仿真与计算机辅助设计
|
|
| 作者: | 涂健 主编 ;罗宗虔 , 陈贤威 编 | |
| 分册: | ||
| 出版信息: | 武汉 华中工学院出版社 1985 |
|
| 页数: | 354页 | |
| 开本: | 26cm | |
| 丛书名: | ||
| 单 册: | ||
| 中图分类: | TP273 , TP15 | |
| 科图分类: | ||
| 主题词: | 控制系统-数字仿真 , 数字仿真-控制系统 , 控制系统-计算机辅助设计 , 计算机辅助设计-控制系统 , 自动模拟理论 | |
| 电子资源: | ||
| ISBN: | ||
| 000 | 00952nam0 2200325 45 | |
| 001 | 0185020100 | |
| 005 | 20040519165329.4 | |
| 010 | @dCNY3.95 | |
| 091 | @a15255.020 | |
| 100 | @a19900928d1985 emky0chiy0121 ea | |
| 101 | 0 | @achi |
| 102 | @aCN@b420000 | |
| 105 | @ay z 000yy | |
| 106 | @ar | |
| 200 | 10 | @a控制系统的数字仿真与计算机辅助设计@Akong zhi xi tong de shu zi fang zhen yu ji suan ji fu zhu she ji@f涂健主编@g罗宗虔, 陈贤威编 |
| 210 | @a武汉@c华中工学院出版社@d1985 | |
| 215 | @a354页@d26cm | |
| 606 | @a控制系统-数字仿真 | |
| 606 | @a数字仿真-控制系统 | |
| 606 | @a控制系统-计算机辅助设计 | |
| 606 | @a计算机辅助设计-控制系统 | |
| 606 | 0 | @a自动模拟理论 |
| 690 | @aTP273@v3 | |
| 690 | @aTP15 | |
| 701 | 0 | @a涂健@Atu jian@4主编 |
| 702 | 0 | @a罗宗虔@Aluo zong qian@4编 |
| 702 | 0 | @a陈贤威@Achen xian wei@4编 |
| 801 | 0 | @aCN@b深圳图书馆@c20040519 |
| 801 | 2 | @aCN@bNLC@c20040519 |
| 905 | @f2@b141816-817@dTP15@e33 | |
| 控制系统的数字仿真与计算机辅助设计/涂健主编/罗宗虔, 陈贤威编.-武汉:华中工学院出版社,1985 |
| 354页;26cm |
| ISBN :CNY3.95 |
| ● |
| 相关链接 |
|
|
|
|
正题名:控制系统的数字仿真与计算机辅助设计
索取号:TP15/33
 
预约/预借
| 序号 | 登录号 | 条形码 | 馆藏地/架位号 | 状态 | 备注 |
| 1 | 0141816 | 001328085 | 第三借阅区/ [索取号:TP15/33] | 在馆 | |
| 2 | 0141817 | 001328049 | 第二样本阅览室/ [索取号:TP15/33] | 在馆 |